[Event "World-chT Rapid"]
[Site "Dusseldorf"]
[Date "2023.08.26"]
[Round "1.12"]
[White "Juegel, Marcel"]
[Black "Mohammad, Nubairshah Shaikh"]
[Result "0-1"]
[WhiteElo "2164"]
[BlackElo "2430"]
[PlyCount "136"]
[EventDate "2023.08.26"]
[EventType "team-swiss (rapid)"]
[EventRounds "12"]
[EventCountry "GER"]
[SourceTitle "CBM 215 Extra"]
[Source "ChessBase"]
[SourceDate "2023.09.30"]
[SourceVersion "1"]
[SourceVersionDate "2023.09.30"]
[SourceQuality "1"]
[WhiteTeam "Phile Khoob CC"]
[BlackTeam "Six Pack"]
[WhiteTeamCountry "IRI"]
[BlackTeamCountry "IND"]

1. d4 Nf6 2. Nc3 d5 3. Bf4 g6 4. e3 Bg7 5. h4 h5 6. Nb5 Na6 7. Nf3 c6 8. Nc3 Qb6 9. a3 Bf5 10. b4 Ne4 11. Nxe4 Bxe4 12. Ng5 Bf5 13. Bd3 Bxd3 14. Qxd3 Nc7 15. 0-0 0-0 16. c3 a5 17. Nf3 Qb5 18. Qc2 Ne6 19. Be5 axb4 20. axb4 Ra6 21. Rxa6 Qxa6 22. Bxg7 Nxg7 23. e4 Ra8 24. Re1 e6 25. exd5 cxd5 26. Ne5 Nf5 27. g3 Qa3 28. Qc1 Kg7 29. Qxa3 Rxa3 30. Rc1 Nd6 31. Kg2 b5 32. f3 Ra2+ 33. Kh3 Ra3 34. Nd3 Nc4 35. Nc5 Ra2 36. Nd3 Re2 37. g4 Re3 38. Ne1 hxg4+ 39. Kxg4 Kh6 40. Ng2 Re2 41. Kg3 Ra2 42. Nf4 Ne3 43. Nd3 Kg7 44. Kh3 Kf6 45. Kg3 Nf5+ 46. Kh3 Ra8 47. Kg4 Ra2 48. Kh3 Ra3 49. Ne5 Ra8 50. Kg4 Ra2 51. Kh3 Kg7 52. Nd3 Re2 53. Kg4 Rh2 54. f4 Rxh4+ 55. Kf3 Rh3+ 56. Ke2 Ng3+ 57. Kd2 Ne4+ 58. Kc2 Rh2+ 59. Kb3 Nd2+ 60. Ka2 Nc4+ 61. Ka1 Kf6 62. Ne5 Rh4 63. Nd7+ Ke7 64. Ne5 Rxf4 65. Nc6+ Kd7 66. Na7 Nd6 67. Rh1 Kc7 68. Rh8 Rf1+ 0-1

[Event "Bremen Silvester op-A"]
[Site "Bremen"]
[Date "2022.12.30"]
[Round "7"]
[White "Moewisch, Dave"]
[Black "Juegel, Marcel"]
[Result "0-1"]
[WhiteElo "1874"]
[BlackElo "2126"]
[PlyCount "80"]
[EventDate "2022.12.27"]
[EventType "swiss"]
[EventRounds "7"]
[EventCountry "GER"]
[SourceTitle "CBM 211 Extra"]
[Source "ChessBase"]
[SourceDate "2023.01.31"]
[SourceVersion "1"]
[SourceVersionDate "2023.01.31"]
[SourceQuality "1"]

1. e4 e6 2. d4 d5 3. Nc3 Nf6 4. e5 Nfd7 5. f4 c5 6. Nf3 Nc6 7. Be3 Be7 8. Qd2 a6 9. dxc5 Nxc5 10. Qf2 Qa5 11. a3 Ne4 12. Bb6 Nxf2 13. Bxa5 Nxa5 14. Kxf2 Bc5+ 15. Kg3 Ba7 16. b4 Nc6 17. Ne2 f6 18. exf6 gxf6 19. h3 h5 20. Rd1 Ne7 21. Ned4 Bb8 22. Nh4 e5 23. Nb3 Rg8+ 24. Kh2 exf4 25. Nf3 Bf5 26. Bd3 Ba7 27. Rhe1 Bxd3 28. Rxd3 Be3 29. Nbd2 a5 30. bxa5 Rxa5 31. Nf1 Bc5 32. Rb1 b6 33. Nd4 Kf7 34. Nd2 Rg3 35. N2f3 Ra4 36. Ne2 Rg8 37. Rbb3 Nf5 38. Nc3 Rc4 39. Rxd5 Ne3 40. Rxh5 Nf1+ 0-1

[Event "Bremen Silvester op-A"]
[Site "Bremen"]
[Date "2022.12.28"]
[Round "3"]
[White "Colbow, Collin"]
[Black "Juegel, Marcel"]
[Result "1-0"]
[WhiteElo "2375"]
[BlackElo "2126"]
[PlyCount "71"]
[EventDate "2022.12.27"]
[EventType "swiss"]
[EventRounds "7"]
[EventCountry "GER"]
[SourceTitle "CBM 211 Extra"]
[Source "ChessBase"]
[SourceDate "2023.01.31"]
[SourceVersion "1"]
[SourceVersionDate "2023.01.31"]
[SourceQuality "1"]

1. e4 d6 2. d4 Nf6 3. Nc3 Nbd7 4. f4 e5 5. Nf3 exd4 6. Qxd4 c6 7. Be3 d5 8. 0-0-0 Bc5 9. Qd2 Bb4 10. exd5 Ne4 11. Qd4 Nxc3 12. Qxg7 Qf6 13. Qxf6 Nxf6 14. bxc3 Ba3+ 15. Kb1 Nxd5 16. Bd2 Be6 17. Ng5 0-0-0 18. Bd3 Rd6 19. f5 c5 20. Ka1 c4 21. Bxc4 Nb6 22. Bxe6+ fxe6 23. Nf7 Rxd2 24. Rxd2 Re8 25. Re2 Nc4 26. Rxe6 Rg8 27. g3 Bb2+ 28. Kb1 Bxc3 29. Nd6+ Nxd6 30. Rxd6 Rg4 31. f6 Rb4+ 32. Kc1 Kc7 33. f7 Bg7 34. Rf6 Bf8 35. Re1 Rd4 36. c3 1-0